Ethics & Global Politics

Detalles Bibliográficos
Formato: Revista
Lenguaje:inglés
Publicado: Jr̃fl̃la, Sweden : Co-Action Publishing, 2008-
Materias:
Acceso en línea:http://www.vlex.com/source/7191

MARC

LEADER 00000nas a22000007a 4500
005 20130308144258.0
007 cr|||| ||||
008 130308c20089999sw hr|p s|||| 0|||a1eng d
020 |a 16544951  
035 |a 7191 
040 |a vLex 
090 |c 3881  |d 3881 
245 0 0 |a Ethics & Global Politics  |h [Recurso electrn̤ico] 
256 |a Servicio en ln̕ea 
260 |a Jr̃fl̃la, Sweden :   |b Co-Action Publishing,  |c 2008- 
300 |a 1 Recurso electrn̤ico 
506 |d vLex Global  |d vLex Global (Academic Edition, excluding Law Schools)  |d vLex Global (U.S. Academic Edition, Law Schools)  |d vLex Global (U.S. Academic Edition, excluding Law Schools)  |d vLex Global (Academic Edition, Law Schools) 
650 0 4 |a Ciencias polt̕icas 
650 0 4 |a Filosofa̕ 
650 0 4 |a Sociologa̕ 
740 |a vLex Revistas (Servicio en ln̕ea) 
856 |a Acceso restringido  |u http://www.vlex.com/source/7191 
942 |c REV 
999 0 |a Political science